Quiz Esport League of legends - Statistiques

Statistiques générales
  • Ce quiz a été pris 345 fois
  • Le résultat moyen est 15 sur 25
Statistiques - réponses
Hint Réponse % Correct
Quelle est le joueur possédant le plus de world gagner à son actif ? Faker
100%
Quelle est la seule équipe européenne à avoir gagné les Worlds ? Fnatic
99%
Quelle est la seul équipe européenne à avoir gagné un MSI ? G2
91%
Qui est le CEO de Los Ratones et ancien joueur professionnel notamment chez H2K et Excel ? Caedrel
86%
Quelle chaine Twitch s'occupe de la rediffusion des compétitions LOL en France ? OTP
81%
Quelle sont toutes les équipes ayant gagner les EU LCS/LEC : Équipe 1 (EU LCS 2013 Spring et Summer, 2014 Spring, 2015 Spring et Summer, 2018 Spring et Summer) Fnatic
77%
Équipe 3 (EU LCS 2016 Spring et Summer, 2017 Spring et Summer, LEC 2019 Spring et Summer, 2020 Spring et Summer, 2022 Spring, 2023 Winter, Summer et Seasons finals, 2024 Winter, Spring, Summer et Seasons Finals) G2
73%
Équipe 6 (LEC 2025 Winter) Karmine Corp
73%
Quel Streamer français caster de cette chaine a atteint le rank 3 de corée du sud en ranked (Soloqueue) ? Splinter
73%
Avec quelle champion Canna a effectué un 5 man ult en final de LEC permettant à Karmine corp de gagner son premier titre ? Gnar
71%
quelle équipe à subit une défaite en 16:50 face à T1 en quart de final du MSI 2023 ? MAD lions
70%
Quelle équipe est la seul à avoir fait une saison régulière parfaite en EU LCS ? Fnatic
65%
Quel joueur coréen a popularisé une technique permettant de ramener un champion ennemi vers son équipe et dont sont pseudo a donné le nom à cette dite technique ? InSec
65%
Équipe 4 (LEC 2021 Spring et Summer, 2023 Spring) MAD Lions
63%
Équipe 5 (LEC 2022 Summer) Rogue
62%
quel joueur européen a reussi a terminé une game tout seul en se teleportant dans la base adverse et ayant donné pendant un temps le nom de cette methode pour finir une partie ? Xpeke
62%
à quelle légume faker est associé après en avoir mangé un en tant que célébration ? Brocoli
59%
Qui est le seul joueur à avoir effectuer un pentakill en final des worlds (2020) ? Bin
54%
Équipe 7 (LEC 2025 Spring) Movistar KOI
48%
Et sur quel champion ? Fiora
46%
Sur quel item la méta des worlds 2017 était centré ? Encensoir ardent
33%
Équipe 2 (EU LCS 2014 Summer) Alliance
32%
Quelles sont les deux équipes ayant participé à la game la plus longue compétitivement (94:37) ? JAG/SKT
25%
Quelle joueur a reçu une amende pour avoir dit sur une interview "F*ck karnage" ? Jezu
24%
Avec quelle champion inspired a reussi à prendre une game à HLE en Swiss round des Worlds 2024 ? Nunu & Willump
13%
Aucun quiz correspondant
Distribution des résultats
% des personnes avec chaque résultat
Percentile par nombre de réponses
Votre historique - résultats
Vous n’avez pas pris ce quiz